| 000 | 00000nam##2200000za#4500 |
| 001 | 9.602081 |
| 003 | CaOODSP |
| 005 | 20210624210405 |
| 007 | cr ||||||||||| |
| 008 | 150406|2005||||xxc|||||o f|0| 0 fre|d |
| 040 | |aCaOODSP|bfre |
| 043 | |an-cn--- |
| 086 | 1 |aTU3-5/05-31F-PDF |
| 110 | 2 |aBureau de la sécurité des transports du Canada. |
| 245 | 10|aCollision avec le relief - du Piper PA-18 C-FJYS exploité par B. Allison Flying Services, à 9 nm à l'ouest d'Andrew (Alberta), le 6 juillet 2005 |h[ressource électronique] |
| 260 | |aGatineau - Québec : |bBureau de la sécurité des transports du Canada |c[2006]. |
| 300 | |a6p. |
| 490 | 1 |aRapport d'enquête aéronautique |vA05W0137 |
| 500 | |a« Le Bureau a autorisé la publication du rapport le 22 février 2006. »--Page 6 de 6. |
| 590 | |a12-20-Supp|b2012-05-09 |
| 775 | 08|tCollision with terrain - B. Allison Flying Services, Piper PA-18 C-FJYS Andrew, Alberta 9 nm W, 06 July 2005 |w(CaOODSP)9.571489 |
| 830 | #0|aRapport d'enquête aéronautique ;|vA05W0137|w(CaOODSP)9.501229 |
| 856 | 40|ahttp://publications.gc.ca|qPDF|s91 Ko|uhttps://publications.gc.ca/collections/collection_2011/bst-tsb/TU3-5-05-31-fra.pdf|yA05W0137 |